[Event "ESP-ch U18"]
[Site "Salobrena"]
[Date "2023.08.03"]
[Round "6"]
[White "Santos Usua, Mikel"]
[Black "Odriozola Coscolin, Alex"]
[Result "1/2-1/2"]
[WhiteElo "1898"]
[BlackElo "2046"]
[PlyCount "77"]
[EventDate "2023.07.31"]
[EventType "swiss"]
[EventRounds "9"]
[EventCountry "ESP"]
[SourceTitle "CBM 215 Extra"]
[Source "ChessBase"]
[SourceDate "2023.09.30"]
[SourceVersion "1"]
[SourceVersionDate "2023.09.30"]
[SourceQuality "1"]

1. d4 Nf6 2. Nf3 e6 3. c4 d5 4. g3 Bb4+ 5. Bd2 Bd6 6. Bg2 0-0 7. Qc2 c6 8. 0-0 Nbd7 9. Rd1 Ne4 10. Nc3 Nxd2 11. Nxd2 f5 12. e3 Nf6 13. c5 Bc7 14. b4 e5 15. dxe5 Bxe5 16. Nf3 Bc7 17. Nd4 Qe7 18. Nce2 Ne4 19. Rac1 g5 20. Re1 Bd7 21. a4 Rf7 22. Nc3 h5 23. f3 Nxc3 24. Qxc3 Qf6 25. Rcd1 Raf8 26. f4 h4 27. Kf2 Rg7 28. Rg1 Qh6 29. Nf3 g4 30. Nd4 Re7 31. Rde1 Rfe8 32. Re2 h3 33. Bh1 Rf7 34. Rb1 Bc8 35. Qd3 Qf6 36. b5 Kg7 37. Ree1 Rfe7 38. Qc3 Kg6 39. Re2 1/2-1/2

[Event "ESP-ch U16 Rapid"]
[Site "Salobrena"]
[Date "2022.07.31"]
[Round "6"]
[White "Santos Usua, Mikel"]
[Black "Gutierrez Garcia, Marcos II"]
[Result "1/2-1/2"]
[WhiteElo "1298"]
[BlackElo "1603"]
[PlyCount "141"]
[EventDate "2022.07.30"]
[EventType "swiss (rapid)"]
[EventRounds "9"]
[EventCountry "ESP"]
[SourceTitle "EXT 2023"]
[Source "ChessBase"]
[SourceDate "2022.10.05"]
[SourceVersion "1"]
[SourceVersionDate "2022.10.05"]
[SourceQuality "1"]

1. d4 d5 2. c4 c6 3. Nf3 Nf6 4. Qc2 g6 5. g3 Bg7 6. Bg2 0-0 7. 0-0 dxc4 8. Qxc4 Nbd7 9. Nbd2 Nb6 10. Qc2 h6 11. e4 e6 12. Nb3 Qe7 13. Re1 Nfd7 14. Be3 e5 15. dxe5 Nxe5 16. Bc5 Nxf3+ 17. Bxf3 Qf6 18. Bxf8 Qxf3 19. Nd2 Qf6 20. Bxg7 Kxg7 21. Qc3 Qxc3 22. bxc3 Be6 23. Nb3 Nc4 24. Rad1 Ne5 25. Re3 b6 26. f4 Nc4 27. Ree1 c5 28. Rd3 Na3 29. Rd2 Nc4 30. Rf2 Nd6 31. e5 Nb5 32. Re3 Nc7 33. Rd2 Nd5 34. Red3 Ne7 35. Rd8 Rxd8 36. Rxd8 Nd5 37. Ra8 a5 38. Rb8 a4 39. Nc1 c4 40. Kf2 Nxc3 41. Rxb6 g5 42. Ra6 gxf4 43. gxf4 Kg6 44. Ne2 Nxa2 45. Rxa4 c3 46. Rxa2 Bxa2 47. Nxc3 Be6 48. Kg3 Kf5 49. Nb5 h5 50. Nd6+ Kg6 51. Kh4 Bd7 52. Ne4 Kf5 53. Nf6 Bc6 54. Nxh5 Bf3 55. Ng7+ Kxf4 56. e6 fxe6 57. Nxe6+ Ke5 58. Ng5 Bd1 59. Nh3 Kf6 60. Nf4 Bc2 61. Kg4 Bf5+ 62. Kg3 Bb1 63. h4 Kg7 64. Kg4 Bc2 65. Kg5 Bb1 66. Nh5+ Kh7 67. Nf6+ Kg7 68. h5 Bc2 69. h6+ Kf7 70. Nh5 Kg8 71. h7+ 1/2-1/2

[Event "ESP-ch U16"]
[Site "Salobrena"]
[Date "2022.07.30"]
[Round "9"]
[White "Santos Usua, Mikel"]
[Black "Moll Gener, Joan"]
[Result "1/2-1/2"]
[WhiteElo "1876"]
[BlackElo "2034"]
[PlyCount "61"]
[EventDate "2022.07.25"]
[EventType "swiss"]
[EventRounds "9"]
[EventCountry "ESP"]
[SourceTitle "EXT 2023"]
[Source "ChessBase"]
[SourceDate "2022.10.05"]
[SourceVersion "1"]
[SourceVersionDate "2022.10.05"]
[SourceQuality "1"]

1. d4 Nf6 2. c4 g6 3. Nf3 Bg7 4. Nc3 0-0 5. e4 d6 6. Be3 e5 7. dxe5 dxe5 8. Qxd8 Rxd8 9. Nd5 Na6 10. 0-0-0 Bg4 11. Nxf6+ Bxf6 12. Be2 Nb4 13. Kb1 Nc6 14. h3 Bxf3 15. Bxf3 Nd4 16. Rhe1 Ne6 17. Bg4 Nf8 18. Rd5 h5 19. Be2 c6 20. Rxd8 Bxd8 21. Rd1 Bb6 22. c5 Bc7 23. Bc4 Rd8 24. Rxd8 Bxd8 25. b4 Nd7 26. Kc2 Kg7 27. Kd3 Kf6 28. g4 hxg4 29. hxg4 Nf8 30. f3 Ne6 31. Bxe6 1/2-1/2

[Event "ESP-ch U16"]
[Site "Salobrena"]
[Date "2022.07.29"]
[Round "8"]
[White "Iglesias Ferreira, Andres"]
[Black "Santos Usua, Mikel"]
[Result "1/2-1/2"]
[WhiteElo "2069"]
[BlackElo "1876"]
[PlyCount "71"]
[EventDate "2022.07.25"]
[EventType "swiss"]
[EventRounds "9"]
[EventCountry "ESP"]
[SourceTitle "EXT 2023"]
[Source "ChessBase"]
[SourceDate "2022.10.05"]
[SourceVersion "1"]
[SourceVersionDate "2022.10.05"]
[SourceQuality "1"]

1. c4 e6 2. Nf3 Nf6 3. g3 d5 4. d4 Be7 5. Bg2 0-0 6. 0-0 c6 7. Nbd2 Nbd7 8. Qc2 b6 9. b3 Bb7 10. e4 dxe4 11. Nxe4 Nxe4 12. Qxe4 Nf6 13. Qc2 c5 14. Bb2 cxd4 15. Nxd4 Bxg2 16. Kxg2 Qc7 17. Rad1 Rfd8 18. Qe2 Rac8 19. Rfe1 Bb4 20. Rf1 Qb7+ 21. Kg1 Qe4 22. Qxe4 Nxe4 23. a3 Bc5 24. Rfe1 Nf6 25. b4 Bxd4 26. Bxd4 h6 27. c5 Nd5 28. f3 bxc5 29. Bxc5 a5 30. Rc1 axb4 31. axb4 Rb8 32. Re4 Rb5 33. Rec4 Ra8 34. R1c2 Ra1+ 35. Kg2 Rb1 36. Rd2 1/2-1/2

[Event "ESP-ch U16"]
[Site "Salobrena"]
[Date "2022.07.27"]
[Round "5"]
[White "Santos Usua, Mikel"]
[Black "Perez Bolanos, Joel"]
[Result "0-1"]
[WhiteElo "1876"]
[BlackElo "2036"]
[PlyCount "116"]
[EventDate "2022.07.25"]
[EventType "swiss"]
[EventRounds "9"]
[EventCountry "ESP"]
[SourceTitle "EXT 2023"]
[Source "ChessBase"]
[SourceDate "2022.10.05"]
[SourceVersion "1"]
[SourceVersionDate "2022.10.05"]
[SourceQuality "1"]

1. d4 Nf6 2. c4 c5 3. d5 e5 4. Nc3 d6 5. e4 Be7 6. Bd3 Nbd7 7. Nge2 h5 8. Qc2 h4 9. Bd2 Nf8 10. f4 Ng6 11. 0-0-0 exf4 12. Nxf4 Ne5 13. Be2 Bg4 14. Bxg4 Nfxg4 15. Rdf1 Qd7 16. b3 Bg5 17. h3 Nf6 18. Nd3 Bxd2+ 19. Qxd2 Nxd3+ 20. Qxd3 Qe7 21. Nb5 0-0 22. Nc3 a6 23. Rf4 Nd7 24. g3 Qg5 25. Qe3 Qxg3 26. Qxg3 hxg3 27. Rg1 Nf6 28. Rh4 Rae8 29. Rxg3 Re5 30. Kd2 b5 31. Kd3 b4 32. Nd1 g6 33. Nf2 Kg7 34. Rf3 a5 35. Rhf4 Nh5 36. Rg4 a4 37. Rg1 axb3 38. axb3 Ra8 39. Rb1 Nf6 40. Rxf6 Kxf6 41. Ng4+ Ke7 42. Nxe5 dxe5 43. Kc2 Rh8 44. Rh1 Rh4 45. Kd3 f5 46. exf5 gxf5 47. Ke3 Kf6 48. Rh2 e4 49. Rh1 Ke5 50. Ke2 f4 51. Kf2 Rh6 52. h4 Ra6 53. Rd1 Ra2+ 54. Ke1 Rh2 55. d6 Rh1+ 56. Ke2 f3+ 57. Kd2 e3+ 58. Kc2 Rxd1 0-1

[Event "ESP-ch States U16"]
[Site "Isla"]
[Date "2022.06.25"]
[Round "5"]
[White "Serrano Almendros, Angel"]
[Black "Santos Usua, Mikel"]
[Result "1-0"]
[WhiteElo "2088"]
[BlackElo "1940"]
[PlyCount "105"]
[EventDate "2022.06.23"]
[EventType "swiss"]
[EventRounds "6"]
[EventCountry "ESP"]
[SourceTitle "EXT 2023"]
[Source "ChessBase"]
[SourceDate "2022.10.05"]
[SourceVersion "1"]
[SourceVersionDate "2022.10.05"]
[SourceQuality "1"]

1. e4 e5 2. d4 exd4 3. Qxd4 Nc6 4. Qc4 Nf6 5. Nc3 Bb4 6. Bd2 d6 7. 0-0-0 0-0 8. f3 Be6 9. Qe2 Ne5 10. f4 Nc4 11. Be1 Bxc3 12. Bxc3 b5 13. b3 Nb6 14. Qe3 Bd7 15. Bd3 Re8 16. Qg3 Qe7 17. Nh3 c5 18. e5 dxe5 19. fxe5 Nfd5 20. Bb2 Rac8 21. e6 fxe6 22. Bxh7+ Kxh7 23. Ng5+ Kg8 24. Qh4 Nf6 25. Rhf1 c4 26. Rf3 e5 27. Rxd7 Qxd7 28. Rh3 Qxh3 29. Qxh3 b4 30. bxc4 Nxc4 31. Ba1 a5 32. Qb3 Nd5 33. Qf3 Nf6 34. Qb3 Rc5 35. Nf3 e4 36. Nd2 Rec8 37. Bxf6 gxf6 38. Nxe4 Re5 39. Qg3+ Kf7 40. Qh4 Rc6 41. c3 bxc3 42. Qh7+ Ke6 43. Qh3+ f5 44. Qh6+ Kd5 45. Nxc3+ Kc5 46. Qf4 Kb4 47. Kc2 Rce6 48. Qd4 a4 49. a3+ Ka5 50. Qxc4 Kb6 51. Nxa4+ Ka5 52. Qb4+ Ka6 53. Nc5+ 1-0

[Event "ESP-ch States U16"]
[Site "Isla"]
[Date "2022.06.23"]
[Round "1"]
[White "Santos Usua, Mikel"]
[Black "Perez Sousa, Xabier"]
[Result "1/2-1/2"]
[WhiteElo "1940"]
[BlackElo "1978"]
[PlyCount "105"]
[EventDate "2022.06.23"]
[EventType "swiss"]
[EventRounds "6"]
[EventCountry "ESP"]
[SourceTitle "EXT 2023"]
[Source "ChessBase"]
[SourceDate "2022.10.05"]
[SourceVersion "1"]
[SourceVersionDate "2022.10.05"]
[SourceQuality "1"]

1. d4 Nf6 2. c4 g6 3. Nf3 Bg7 4. Nc3 0-0 5. e4 d6 6. Be3 e5 7. dxe5 dxe5 8. Qxd8 Rxd8 9. Nd5 Nxd5 10. cxd5 c6 11. Bc4 b5 12. Bb3 Bb7 13. dxc6 Nxc6 14. Bd5 Rd7 15. 0-0 h6 16. Rfd1 Rad8 17. Rd2 Nd4 18. Bxd4 exd4 19. Bxb7 Rxb7 20. Rad1 Rbd7 21. e5 d3 22. Ne1 Bxe5 23. Rxd3 Rxd3 24. Nxd3 Kg7 25. g3 Kf6 26. Kf1 a5 27. Ke2 Rd4 28. b3 a4 29. Rc1 axb3 30. axb3 Bd6 31. Rc6 Ke6 32. Ke3 Kd7 33. Kxd4 Kxc6 34. h3 Bc7 35. g4 Kd6 36. f4 f5 37. gxf5 gxf5 38. Ne5 Ke6 39. Nd3 Bb6+ 40. Kc3 Ba5+ 41. Kd4 Bb6+ 42. Kc3 Ba5+ 43. Kd4 Kd6 44. Ne5 Bb6+ 45. Kd3 Kd5 46. Nf3 Bc7 47. Nd4 Bxf4 48. Nxf5 Kc5 49. Nd4 Kb4 50. Ke4 Bc1 51. h4 Bb2 52. Nxb5 Kxb5 53. Kf3 1/2-1/2

[Event "ESP-ch U14"]
[Site "Salobrena"]
[Date "2021.07.17"]
[Round "9"]
[White "Santos Usua, Mikel"]
[Black "Sanchez Aguilar, Arnau"]
[Result "1/2-1/2"]
[WhiteElo "1685"]
[BlackElo "1824"]
[PlyCount "73"]
[EventDate "2021.07.12"]
[EventType "swiss"]
[EventRounds "9"]
[EventCountry "ESP"]
[SourceTitle "EXT 2022"]
[Source "ChessBase"]
[SourceDate "2021.10.06"]
[SourceVersion "1"]
[SourceVersionDate "2021.10.06"]
[SourceQuality "1"]

1. d4 Nf6 2. Nf3 g6 3. Nc3 Bg7 4. e4 d6 5. Bc4 0-0 6. 0-0 Nxe4 7. Nxe4 d5 8. Bd3 dxe4 9. Bxe4 Nd7 10. c3 Nf6 11. Bc2 b6 12. h3 Bb7 13. Qe2 e6 14. Bf4 Rc8 15. Rad1 Qd5 16. Ra1 Qh5 17. Bd1 Qf5 18. Be5 Rfd8 19. Nh4 Qe4 20. Qf3 Ba6 21. Bxf6 Qxf3 22. Nxf3 Bxf6 23. Re1 c5 24. dxc5 bxc5 25. Be2 Bb7 26. Red1 Bd5 27. Rac1 a5 28. b3 a4 29. bxa4 Bxa2 30. Rxd8+ Rxd8 31. a5 Ra8 32. Ra1 Bd5 33. Ra3 c4 34. Nd2 Bd8 35. a6 Be7 36. Ra2 Bf6 37. Ra3 1/2-1/2

[Event "ESP-ch U14"]
[Site "Salobrena"]
[Date "2021.07.16"]
[Round "7"]
[White "Santos Usua, Mikel"]
[Black "Badier Carave, David Olivier"]
[Result "0-1"]
[WhiteElo "1685"]
[BlackElo "1887"]
[PlyCount "62"]
[EventDate "2021.07.12"]
[EventType "swiss"]
[EventRounds "9"]
[EventCountry "ESP"]
[SourceTitle "EXT 2022"]
[Source "ChessBase"]
[SourceDate "2021.10.06"]
[SourceVersion "1"]
[SourceVersionDate "2021.10.06"]
[SourceQuality "1"]

1. d4 Nf6 2. Nf3 c5 3. d5 b5 4. Bf4 d6 5. e3 a6 6. c4 b4 7. Bd3 g6 8. Nbd2 Bg7 9. Qc2 Nbd7 10. h3 0-0 11. 0-0 Nb6 12. Rfe1 e5 13. Bg5 Nbd7 14. Ne4 h6 15. Bh4 g5 16. Bg3 Qe7 17. Bh2 Nxe4 18. Bxe4 Nf6 19. Bf5 e4 20. Bxc8 Raxc8 21. Nd2 Rce8 22. a3 g4 23. axb4 gxh3 24. gxh3 Qd7 25. Kg2 Nh7 26. Nxe4 Qf5 27. Bg3 Ng5 28. Rh1 Qf3+ 29. Kh2 Nxe4 30. Rhg1 Kh8 31. bxc5 Nxg3 0-1

[Event "ESP-ch U14"]
[Site "Salobrena"]
[Date "2021.07.13"]
[Round "3"]
[White "Santos Usua, Mikel"]
[Black "Lopez Garcia, Inigo"]
[Result "1-0"]
[WhiteElo "1685"]
[BlackElo "1472"]
[PlyCount "91"]
[EventDate "2021.07.12"]
[EventType "swiss"]
[EventRounds "9"]
[EventCountry "ESP"]
[SourceTitle "EXT 2022"]
[Source "ChessBase"]
[SourceDate "2021.10.06"]
[SourceVersion "1"]
[SourceVersionDate "2021.10.06"]
[SourceQuality "1"]

1. d4 d5 2. Bf4 Nf6 3. e3 Bf5 4. Nf3 e6 5. Nbd2 Bd6 6. Ne5 Bxe5 7. Bxe5 Nbd7 8. Nf3 Nxe5 9. Nxe5 Nd7 10. Nf3 0-0 11. Bd3 Bxd3 12. Qxd3 c5 13. 0-0 Rc8 14. c3 Nf6 15. Ne5 Qe7 16. b3 Rfd8 17. Rac1 Qc7 18. c4 cxd4 19. exd4 Nd7 20. Qe3 Qd6 21. c5 Qb8 22. f4 Nxe5 23. fxe5 Qc7 24. b4 Qc6 25. Qb3 b5 26. Ra1 Ra8 27. a4 Rdb8 28. a5 a6 29. Rf4 Rf8 30. Raf1 Ra7 31. Qg3 Qd7 32. Rg4 g6 33. Qh4 h5 34. Qxh5 Kg7 35. Rf6 Qe8 36. Qg5 Rh8 37. h4 Rh6 38. h5 Qh8 39. hxg6 Rh5 40. Qf4 Rh1+ 41. Kf2 Rf1+ 42. Kxf1 Qh1+ 43. Kf2 Qb1 44. Rxf7+ Kg8 45. Rf8+ Kg7 46. Qf6+ 1-0

[Event "ESP-chT Regional U14"]
[Site "Gijon"]
[Date "2021.06.17"]
[Round "2.2"]
[White "Santos Usua, Mikel"]
[Black "Hornero Perez, Mario I"]
[Result "1-0"]
[WhiteElo "1647"]
[BlackElo "1724"]
[PlyCount "107"]
[EventDate "2021.06.17"]
[EventType "team-swiss"]
[EventRounds "6"]
[EventCountry "ESP"]
[SourceTitle "EXT 2022"]
[Source "ChessBase"]
[SourceDate "2021.10.06"]
[SourceVersion "1"]
[SourceVersionDate "2021.10.06"]
[SourceQuality "1"]
[WhiteTeam "Navarra U14"]
[BlackTeam "Cantabria U14"]
[WhiteTeamCountry "ESP"]
[BlackTeamCountry "ESP"]

1. d4 Nf6 2. Nf3 g6 3. Nc3 d5 4. Bf4 Bg7 5. e3 Bg4 6. h3 Bxf3 7. Qxf3 0-0 8. 0-0-0 c6 9. g4 b5 10. h4 Qa5 11. Kb1 b4 12. Ne2 Ne4 13. Nc1 Nd7 14. Bd3 Nef6 15. Nb3 Qb6 16. h5 a5 17. hxg6 fxg6 18. Qh3 a4 19. Nc1 c5 20. g5 cxd4 21. gxf6 Nxf6 22. exd4 Ng4 23. Be5 Nxe5 24. dxe5 Rxf2 25. Rdf1 h6 26. Rxf2 Qxf2 27. Qe6+ Qf7 28. Qxf7+ Kxf7 29. Rf1+ Ke6 30. Bxg6 Bxe5 31. Nd3 Bd6 32. Bf5+ Kf6 33. Bd7+ Kg7 34. Be6 d4 35. Rg1+ Kf6 36. Bd5 Ra5 37. Rf1+ Kg5 38. Be4 h5 39. Kc1 b3 40. Rg1+ Kh4 41. Rh1+ Kg5 42. cxb3 axb3 43. axb3 h4 44. b4 Rb5 45. Rg1+ Bg3 46. Kc2 Rb8 47. Kb3 Rf8 48. Kc4 Kg4 49. Kxd4 Kh3 50. Ke3 e5 51. b5 Bf4+ 52. Nxf4+ exf4+ 53. Kf2 Rf7 54. Bf3 1-0

[Event "ESP-ch U14"]
[Site "Salobrena"]
[Date "2020.08.07"]
[Round "8"]
[White "Moll Pons, Jana"]
[Black "Santos Usua, Mikel"]
[Result "1-0"]
[WhiteElo "1744"]
[BlackElo "1599"]
[PlyCount "43"]
[EventDate "2020.08.03"]
[EventType "swiss"]
[EventRounds "9"]
[EventCountry "ESP"]
[SourceTitle "EXT 2021"]
[Source "ChessBase"]
[SourceDate "2020.10.23"]
[SourceVersion "1"]
[SourceVersionDate "2020.10.23"]
[SourceQuality "1"]

1. e4 e5 2. Nf3 Nc6 3. Bb5 Nf6 4. 0-0 Nxe4 5. d4 Nd6 6. Bxc6 dxc6 7. dxe5 Nf5 8. Qe2 Be7 9. Rd1 Bd7 10. e6 fxe6 11. Ne5 Bd6 12. Qh5+ g6 13. Nxg6 Ng7 14. Qh6 Rg8 15. Qxh7 Kf7 16. Rd3 e5 17. Rf3+ Ke6 18. Qh3+ Kd5 19. Rd3+ Kc4 20. Nxe5+ Bxe5 21. Rxd7 Qf8 22. Qb3+ 1-0

[Event "ESP-ch U14"]
[Site "Salobrena"]
[Date "2020.08.05"]
[Round "5"]
[White "Cayon Pelaez, Pablo"]
[Black "Santos Usua, Mikel"]
[Result "1-0"]
[WhiteElo "1812"]
[BlackElo "1599"]
[PlyCount "109"]
[EventDate "2020.08.03"]
[EventType "swiss"]
[EventRounds "9"]
[EventCountry "ESP"]
[SourceTitle "EXT 2021"]
[Source "ChessBase"]
[SourceDate "2020.10.23"]
[SourceVersion "1"]
[SourceVersionDate "2020.10.23"]
[SourceQuality "1"]

1. d4 d5 2. c4 c6 3. Nc3 Nf6 4. Nf3 a6 5. e3 b5 6. b3 Bf5 7. Bd3 Bg6 8. 0-0 Nbd7 9. Qc2 e6 10. Re1 Bb4 11. Bd2 Bxc3 12. Bxc3 Bxd3 13. Qxd3 Ne4 14. Nd2 Nxc3 15. Qxc3 0-0 16. cxd5 cxd5 17. Qc6 Nf6 18. Rac1 Qa5 19. Rc2 h6 20. Qc7 Qb4 21. Qc5 Qa5 22. Qc3 Qxc3 23. Rxc3 Rfc8 24. Rec1 Rxc3 25. Rxc3 Ra7 26. Rc8+ Kh7 27. Kf1 Rb7 28. Rc6 a5 29. a3 a4 30. b4 Nd7 31. Ke2 Nb6 32. Kd3 Kg6 33. e4 dxe4+ 34. Kxe4 Kf6 35. f4 Ke7 36. g4 Nd5 37. Rc5 Kd6 38. Kf3 f5 39. gxf5 exf5 40. Nf1 Rc7 41. Ne3 Nxe3 42. Kxe3 Re7+ 43. Kd3 Re1 44. Rxb5 Ra1 45. Rxf5 Rxa3+ 46. Kc4 Rh3 47. Ra5 Rxh2 48. Rxa4 Rf2 49. Ra6+ Ke7 50. b5 Rxf4 51. Ra7+ Kf6 52. b6 Rf1 53. b7 Rb1 54. Kc5 h5 55. Ra6+ 1-0

[Event "ESP-ch U14"]
[Site "Salobrena"]
[Date "2020.08.03"]
[Round "1"]
[White "Aguado Doncel, Pablo Luis"]
[Black "Santos Usua, Mikel"]
[Result "1-0"]
[WhiteElo "2105"]
[BlackElo "1599"]
[PlyCount "90"]
[EventDate "2020.08.03"]
[EventType "swiss"]
[EventRounds "9"]
[EventCountry "ESP"]
[SourceTitle "EXT 2021"]
[Source "ChessBase"]
[SourceDate "2020.10.23"]
[SourceVersion "1"]
[SourceVersionDate "2020.10.23"]
[SourceQuality "1"]

1. d4 d5 2. c4 e6 3. Nc3 Nf6 4. cxd5 exd5 5. Bg5 Be7 6. e3 c6 7. Bd3 0-0 8. Qc2 Nbd7 9. Nf3 Re8 10. 0-0 Nf8 11. h3 Ng6 12. Ne5 Qc7 13. Bxf6 Bxf6 14. Nxd5 Qd6 15. Nxf6+ Qxf6 16. f4 Qh4 17. Bc4 Nxe5 18. fxe5 Re7 19. Rf4 Qg3 20. Rf3 Qg6 21. Qxg6 hxg6 22. Raf1 Be6 23. Bxe6 fxe6 24. Kh2 Rc8 25. Rc1 Rf7 26. Rxf7 Kxf7 27. Kg3 g5 28. b4 Kg6 29. b5 Kf5 30. Kf3 Kg6 31. bxc6 Rxc6 32. Rxc6 bxc6 33. g4 Kf7 34. Ke4 Ke7 35. Kd3 Kd7 36. Kc4 Kc7 37. Kc5 Kd7 38. a4 Kc7 39. a5 Kd7 40. a6 Kc7 41. e4 Kd7 42. d5 cxd5 43. exd5 exd5 44. Kxd5 Ke7 45. e6 g6 1-0

[Event "ESP-ch U10"]
[Site "Salobrena Granada"]
[Date "2017.07.07"]
[Round "7"]
[White "Herranz Suarez, David"]
[Black "Santos Usua, Mikel"]
[Result "1-0"]
[WhiteElo "1486"]
[BlackElo "1256"]
[PlyCount "69"]
[EventDate "2017.07.03"]
[EventType "swiss"]
[EventRounds "9"]
[EventCountry "ESP"]
[SourceTitle "EXT 2024"]
[Source "ChessBase"]
[SourceDate "2023.10.10"]
[SourceVersion "1"]
[SourceVersionDate "2023.10.10"]
[SourceQuality "1"]

1. d4 d5 2. Bf4 Nf6 3. e3 a6 4. c4 c6 5. Nc3 Bf5 6. Nf3 e6 7. Bd3 Bxd3 8. Qxd3 Nbd7 9. 0-0 Be7 10. c5 0-0 11. h3 b6 12. b4 h6 13. Rad1 Re8 14. Rfe1 b5 15. e4 Nh7 16. Ra1 a5 17. a3 a4 18. Nh2 Qc8 19. Re3 Bg5 20. Bxg5 Nxg5 21. Rg3 Qd8 22. Ng4 Nf6 23. Nxh6+ gxh6 24. h4 Nfh7 25. hxg5 hxg5 26. e5 Re7 27. Rh3 f6 28. exf6 Nxf6 29. f3 Rg7 30. Kf2 Qf8 31. Ke2 Qf7 32. Rah1 Rh7 33. Qe3 Qg6 34. Qxe6+ Kh8 35. Rxh7+ 1-0